Comprendre la télévision et ses programmes - 3e éd. : 3e édition actualisée et augmentée (notice n° 1566232)

détails MARC
000 -LEADER
fixed length control field 01377cam a2200133 4500500
005 - DATE AND TIME OF LATEST TRANSACTION
control field 20251214001512.0
041 ## - LANGUAGE CODE
Language code of text/sound track or separate title fre
042 ## - AUTHENTICATION CODE
Authentication code dc
100 10 - MAIN ENTRY--PERSONAL NAME
Personal name Jost, François
Relator term author
245 00 - TITLE STATEMENT
Title Comprendre la télévision et ses programmes - 3e éd. : 3e édition actualisée et augmentée
260 ## - PUBLICATION, DISTRIBUTION, ETC.
Name of publisher, distributor, etc. Armand Colin,<br/>
Date of publication, distribution, etc. 2017.<br/>
520 ## - SUMMARY, ETC.
Summary, etc. Depuis la création de la télévision, on déplore la baisse de la qualité des émissions, et l’on incrimine le règne de l’argent et de l’audience, mais la méconnaissance de ses mécanismes empêche d’aller au-delà de la critique. L’objectif de cet ouvrage est de proposer des repères essentiels et des outils indispensables à tous ceux qui, convaincus de l’importance de ce média, veulent comprendre ses structures, ses enjeux et ses évolutions. Plutôt que de condamner la télévision, l’auteur y met en lumière les logiques qui conduisent à proposer telle émission à telle heure, et le téléspectateur à la suivre. Cette nouvelle édition prolonge l’analyse de la fabrique des grilles de programmes par des pistes de réflexion sur l’avenir de la télévision à l’ère d’Internet et de la multiplication des écrans aptes à recevoir des images diffusées.
856 41 - ELECTRONIC LOCATION AND ACCESS
Uniform Resource Identifier <a href="https://shs.cairn.info/comprendre-la-television-et-ses-programmes--9782200617691?lang=fr&redirect-ssocas=7080">https://shs.cairn.info/comprendre-la-television-et-ses-programmes--9782200617691?lang=fr&redirect-ssocas=7080</a>

Pas d'exemplaire disponible.

PLUDOC

PLUDOC est la plateforme unique et centralisée de gestion des bibliothèques physiques et numériques de Guinée administré par le CEDUST. Elle est la plus grande base de données de ressources documentaires pour les Étudiants, Enseignants chercheurs et Chercheurs de Guinée.

Adresse

627 919 101/664 919 101

25 boulevard du commerce
Kaloum, Conakry, Guinée

Réseaux sociaux

Powered by Netsen Group @ 2025